Entrepreneurship and the transformation of the economy : (Registro nro. 23476)

Detalles MARC
000 -Cabecera
Campo de control interno 00508nam a2200181Ia 4500
005 - Fecha y hora del registro
control field 20260414150939.0
008 - Elementos de Longitud Fija
fixed length control field 260414t1994||||xx |||||||||||||| ||spa||
041 ## - Idioma
Codigo Idioma ESP
082 ## - DEWEY y NOTACIÓN INTERNA
Dewey 650.1
Notación Interna K61
100 ## - AUTOR
Autor denominación Klep, Paul
Término de relación autor
245 #0 - TÍTULO DE MATERIAL BIBLIOGRÁFICO
Título Entrepreneurship and the transformation of the economy :
Título paralelo (10th-20tjh centuries) essays in honour of Herman Van Der Wee
260 ## - CIUDAD, EDITORIAL, AÑO
Año 1994
300 ## - DESCRIPCIÓN
N° Páginas 693 páginas :
Dimensiones 24 cm.
650 ## - TEMAS
Temas Generalidades
654 ## - PROGRAMAS
Programa Dpto. de Contabilidad
942 ## - ELEMENTOS DE KOHA
Tipo de documento Libro
Nombre del creador Justo Noguera
Código de catalogador Justo Noguera
Esquema de clasificación Dewey Decimal Classification
Suppress in OPAC
Existencias
Codigo completo Registro Colección Copia número Disponibilidad Tipo de préstamo Biblioteca Actual Procedencia (Biblioteca) Ubicacón Fecha Ingreso Tipo de Adquisición Date last seen Total checkouts Price effective from Tipo de Item Estado del Material Damaged status Withdrawn status
650.1 K61 1051449 Universidad Católica San Pablo 1 Disponible Disponible Víctor Andrés Belaunde Víctor Andrés Belaunde Segundo piso 14/04/2026 Donación 14/04/2026   14/04/2026 Libro Bueno